[Event "Titled Tuesday intern op 30th Apr Early"]
[Site "Chess.com INT"]
[Date "2024.04.30"]
[Round "7"]
[White "Koval, Artem"]
[Black "Tatarinov, Dmitry"]
[Result "0-1"]
[WhiteElo "2193"]
[BlackElo "2332"]
[PlyCount "74"]
[EventDate "2024.04.30"]
[EventType "swiss (blitz)"]
[EventRounds "11"]
[EventCountry "USA"]
[SourceTitle "CBM 220 Extra"]
[Source "ChessBase"]
[SourceDate "2024.07.31"]
[SourceVersion "1"]
[SourceVersionDate "2024.07.31"]
[SourceQuality "1"]

1. d4 Nf6 2. c4 g6 3. Nc3 Bg7 4. e4 0-0 5. h3 d6 6. Bg5 c5 7. d5 Qa5 8. Bd3 b5 9. cxb5 a6 10. bxa6 Bxa6 11. Nge2 Nbd7 12. 0-0 c4 13. Bc2 Rfb8 14. Rb1 Nc5 15. Nd4 Qc7 16. Re1 Rb7 17. Nc6 e6 18. Bf4 Nd3 19. Bxd3 cxd3 20. b4 Bc4 21. b5 Nxd5 22. Nxd5 exd5 23. exd5 Rxb5 24. Rxb5 Bxb5 25. Qb3 Ba6 26. Re7 Qc8 27. Kh2 Qf5 28. Be3 Bf6 29. Ra7 Rxa7 30. Nxa7 Be5+ 31. g3 h5 32. Qd1 h4 33. Nc6 hxg3+ 34. fxg3 Bf6 35. g4 Qxd5 36. Qc1 Bb7 37. Nb4 Qg2# 0-1

[Event "Titled Tuesday intern op 30th Apr Early"]
[Site "Chess.com INT"]
[Date "2024.04.30"]
[Round "8"]
[White "Tatarinov, Dmitry"]
[Black "Dvirnyy, Danyyil"]
[Result "1-0"]
[WhiteElo "2332"]
[BlackElo "2480"]
[PlyCount "113"]
[EventDate "2024.04.30"]
[EventType "swiss (blitz)"]
[EventRounds "11"]
[EventCountry "USA"]
[SourceTitle "CBM 220 Extra"]
[Source "ChessBase"]
[SourceDate "2024.07.31"]
[SourceVersion "1"]
[SourceVersionDate "2024.07.31"]
[SourceQuality "1"]

1. d4 Nf6 2. c4 g6 3. Nf3 Bg7 4. g3 0-0 5. Bg2 d6 6. 0-0 Nbd7 7. Nc3 e5 8. e4 exd4 9. Nxd4 Re8 10. Re1 Nc5 11. f3 c6 12. Be3 a5 13. Qc2 a4 14. b4 axb3 15. axb3 Rxa1 16. Rxa1 Nfd7 17. Rd1 Qa5 18. Bf2 Ne5 19. h3 Qb4 20. f4 Ned7 21. Na2 Qa3 22. b4 Na6 23. Qb3 Qxb3 24. Nxb3 Bf8 25. b5 Nab8 26. Nc3 Nf6 27. c5 dxc5 28. e5 Nfd7 29. Na5 f6 30. bxc6 bxc6 31. exf6 Nxf6 32. Nxc6 Bxh3 33. Bxh3 Nxc6 34. Nd5 Nxd5 35. Rxd5 Nd4 36. Bf1 Kf7 37. Bc4 Kf6 38. Kg2 h5 39. Rd7 Be7 40. Ra7 Rd8 41. g4 hxg4 42. Bh4+ Kf5 43. Bxe7 Re8 44. Bg5 Nf3 45. Bd3+ Ke6 46. Bxg6 Rb8 47. f5+ Ke5 48. Re7+ Kd6 49. Re6+ Kd5 50. Bf4 Nh4+ 51. Kg3 Nxg6 52. Bxb8 Nf8 53. Re7 c4 54. Be5 c3 55. Bxc3 Kd6 56. Bb4+ Kd5 57. Kxg4 1-0